Bàn về nội dung và phương thức hoạt động của ngoại giao trong kỷ nguyên toàn cầu hóa /

Na minha lista:
Detalhes bibliográficos
Autor principal: Dương Văn Quảng.
Formato: Artigo
Idioma:Vietnamese
Assuntos:
Tags: Adicionar Tag
Sem tags, seja o primeiro a adicionar uma tag!
Thư viện lưu trữ: Thư viện Trường Đại học Đà Lạt
LEADER 00816nam a2200253 4500
001 DLU170181176
005 ##20171006
040 # # |a DLU  |b vie 
041 # # |a vie 
044 # # |a vn 
100 # # |a Dương Văn Quảng. 
245 # # |a Bàn về nội dung và phương thức hoạt động của ngoại giao trong kỷ nguyên toàn cầu hóa /  |c Dương Văn Quảng. 
653 # # |a Ngoại giao hiện đại 
653 # # |a Tác nhân mới 
653 # # |a Toàn cầu hóa  
773 # # |t Nghiên cứu quốc tế  |g Số 4(107), 2016, tr. 153-173 
920 # # |a Phòng Tạp chí -- Trung tâm Thông tin - Thư viện Trường Đại học Đà Lạt 
900 # # |a True 
911 # # |a Nguyễn Thị Thu Phương 
925 # # |a G 
926 # # |a A 
927 # # |a BB 
980 # # |a Thư viện Trường Đại học Đà Lạt